000
00398nam a2200145Ia 4500
008
100122s9999 xx 000 0 und d
082
_b
35014
_a
823
100
_a
हसमनीस द का
245
_a
खंडणी
260
_b
गुलमोहर पब्लिकेशन्स
_c
1983
300
_a
188
630
_a
खंडणी
730
_a
खंडणी
942
_c
BOOK
999
_c
418417
_d
418414